Záslužná práca hasičského zboru

Bibliographic Details
Main Author: Labuzík, Slavomír (Author)
Corporate Author: Dobrovoľný hasičský zbor (Vlachovo, Slovensko) (Author)
Format: Article
Language:Slovak
Subjects:

MARC

LEADER 00000nab a2200000 a 4500
001 vtls001012266
003 SK-MaSNL
005 20260303201408.0
008 040720e20030000xo 0 slo
035 |a RV12866 
040 |a RVGKPD  |b slo  |c RVGKPD  |e AACR2 
041 0 |a slo 
044 |a xo  |c SK 
080 |a 614.842.83  |2 1981 
100 1 |a Labuzík, Slavomír  |4 aut  |9 45187 
245 1 0 |a Záslužná práca hasičského zboru 
500 |a činnosť 
610 2 7 |a Dobrovoľný hasičský zbor (Vlachovo, Slovensko)  |2 RVGKPD  |9 58883 
651 7 |a Vlachovo (Slovensko)  |2 RVGKPD  |9 29546 
655 7 |a periodikum  |2 snkbucl  |9 29553 
710 2 |a Dobrovoľný hasičský zbor (Vlachovo, Slovensko)  |4 aut  |9 58883 
773 0 8 |t Stromíš - Vlachovské noviny  |g Roč. 5, č.2 (2003), s. 1, 4 
852 |a ZVYKNI  |b KIS3GCP 
999 |c 2173712  |d 2175642